000 00672nam a22002177a 4500
003 UA-OsUOA
001 84049
007 ta
008 20120517b un ||||| |||| 00| 0 ukr d
100 _aКатихін Є.О.
090 _a330(477)
_bК29
942 _cSA
040 _aUA-OsUOA
_bukr
_cUA-OsUOA
_dUA-OsUOA
245 _aКорпоративна соціальна відповідальність та практики у деяких її напрямах
300 _aС.79-83
955 _a0
041 _aukr
080 _a330(477)
773 0 _w84034
_tСтатистика України
_dК.
_d2012
_g1
650 7 _a330 Економіка взагалі
_2UDC
999 _c370362
_d370362